1611 1905 1894 1438 1065 1456 1204 1934 1910 1731 1457 1016 1871 1593 1417 1099 1404 1972 1279 1026 1725 1472 1776 1095 1302 1186 1680 1824 1882 1224 1937 1326 1327 1639 1708 1952 1148 1361 1830 1609 1283 1892 1999 1514 1132 1177 1061 1411 1803 1996 1715 1944 1370 1788 1762 1332 1191 1007 1939 1069 1259 1141 1751 1711 1602 1064 1653 1180 1313 1223 1365 1118 1779 1746 1647 1789 1062 1227 1482 1367 1644 1401 1440 1320 1550 1827 1098 1471 1071 1594 1031 1625 1313 1907 1791 1881 1706 1731 1863 BCNSPRNW ULIB Ver.6.0+V

เปลี่ยนเป็นภาษาไทย

Change to English
 แสดงรายละเอียดบรรณานุกรม
  กลับหน้าหลัก

Brief Record : Get Marc (ISO 2709) : E-mail record : QR code < ปิดหน้าต่าง
LEADER : 00000nam 2200000uu 4500
001    13399123096
003     ULIB
008    140120s2540||||th 000 0 tha d
020    ^a9746560425
060 04 ^aWP145^bจ136ม
100 0  ^aจตุพร ศรีสมบุรณ์
245 00 ^aมะเร็งนรีเวชวิทยา =^bGynecologic oncology /^cจตุพร ศรีสมบุรณ์, ชำนาญ เกียรติพีรกุล, บรรณาธิการ
246 31 ^aGynecologic Oncology
250    ^aพิมพ์ครั้งที่ 1
260    ^aกรุงเทพฯ :^bราชวิทยาลัยสูตินรีแพทย์แห่งประเทศไทย,^c2540
300    ^a[18], 468 หน้า :^bภาพประกอบ ;^c30 ซม.
500    ^aมีดรรชนี
650  2 ^aGenital Neoplasms, Female
650  4 ^aอวัยวะสืบพันธุ์หญิง^xมะเร็ง
650  4 ^aมะเร็ง
650  4 ^aโรคทางนรีเวช
650  4 ^aอวัยวะสืบพันธุ์, เนื้องอก
650  4 ^aอวัยวะสืบพันธุ์, โรค
650  4 ^aอวัยวะสืบพันธุ์หญิง, เนื้องอก
650  4 ^aอวัยวะสืบพันธุ์หญิง^xมะเร็ง
700 0  ^aชำนาญ เกียรติพีรกุล,^eบรรณาธิการ
710 2  ^aราชวิทยาลัยสูตินรีแพทย์แห่งประเทศไทย
945    ^p700^l0^i5187
999    ^aทศพร เกษรทอง
รายการนี้ยังไม่มีแท็ก
คุณยังไม่ได้ล็อกอิน คุณสามารถมีกิจกรรมร่วมกับเว็บไซต์ได้ แต่ต้องล็อกอินก่อน ::
  ล็อกอิน

รายการสื่อสารสนเทศ

ลำดับที่ ประเภท เลขเรียก/บาร์โค้ด สถานที่ สถานะ
1. วิทยาศาสตร์การแพทย์ และสุขภาพ
วิทยาศาสตร์การแพทย์ และสุขภาพ
WP145 จ136ม ฉ.1 
  Barcode: 5187
ห้องสมุดวิทยาเขตนครสวรรค์
►หนังสือทั่วไป:l:General Books
บนชั้น

รายการใกล้เคียง
    ผู้แต่ง [จตุพร ศรีสมบุรณ์]

    หัวเรื่อง [Genital Neoplasms, Female]
    หัวเรื่อง [มะเร็ง]
    หัวเรื่อง [โรคทางนรีเวช]
    หัวเรื่อง [อวัยวะสืบพันธุ์, เนื้องอก]
    หัวเรื่อง [อวัยวะสืบพันธุ์, โรค]
    หัวเรื่อง [อวัยวะสืบพันธุ์หญิง, เนื้องอก]

BibComment


ยังไม่เคยถูกคอมเมนท์

คอมเมนท์ทรัพยากรรายการนี้
  คอมเมนท์: มะเร็งนรีเวชวิทย..


 Copyright 2026. Bcnsprnw @Library